000 00272nam a2200085Ia 4500
008 220120s9999||||xx |||||||||||||| ||und||
100 _aManoj, K.V
_912214
245 0 _aImage comparission by self organised kohonen map
260 _aCoorg Institute of Technology
_bPonnampet
_c2009
999 _c137800
_d137800